Loading...
| Pop Culture | 0 | 2 | 0 | 1 | 20 | 124 | 134.00 | 0 | 2 |
| Philosophy | 0 | 2 | 0 | 0 | 20 | 119 | 127.00 | 0 | 1 |
| Fine Arts - Other Fine Arts | 0 | 2 | 1 | 1 | 15 | 95 | 114.00 | 0 | 1 |
| Current Events | 0 | 1 | 0 | 0 | 10 | 114 | 114.00 | 0 | 1 |
| Science - Other Science | 0 | 1 | 0 | 0 | 10 | 129 | 129.00 | 0 | 0 |
| Literature - British Literature | 0 | 1 | 0 | 1 | 10 | 135 | 135.00 | 0 | 0 |
| History - European History | 0 | 2 | 2 | 2 | 10 | 128 | 132.50 | 0 | 0 |
| History - American History | 1 | 0 | 2 | 0 | 5 | 63 | 63.00 | 0 | 1 |
| Science - Chemistry | 0 | 1 | 1 | 0 | 5 | 136 | 136.00 | 0 | 0 |
| Literature - European Literature | 0 | 0 | 0 | 0 | 0 | 0.00 | 0 | 0 | |
| Fine Arts - Auditory Fine Arts | 0 | 0 | 0 | 0 | 0 | 0.00 | 0 | 0 | |
| Fine Arts - Visual Fine Arts | 0 | 0 | 0 | 0 | 0 | 0.00 | 0 | 0 | |
| Science - Biology | 0 | 0 | 0 | 0 | 0 | 0.00 | 0 | 0 | |
| Social Science | 0 | 1 | 3 | 0 | -5 | 97 | 97.00 | 0 | 0 |
| Literature - American Literature | 0 | 0 | 1 | 0 | -5 | 0.00 | 0 | 0 | |
| History - Other History | 0 | 1 | 3 | 0 | -5 | 99 | 99.00 | 1 | 1 |
| Other Academic | 0 | 0 | 1 | 0 | -5 | 0.00 | 0 | 0 | |
| Mythology | 0 | 0 | 2 | 0 | -10 | 0.00 | 0 | 0 | |
| Religion | 0 | 0 | 2 | 0 | -10 | 0.00 | 0 | 0 |